000 00470nam a22001577a 4500
020 _a9789698535742
082 _a954.91009581
_bLAT
100 _aLatif, Zahid
245 _aPakistan's search for peace with Afghanistan statecraft, policy and strategy/
_cZahid Latif
260 _aIslamabad:
_bNUST Press;
_c2025.
300 _a215p.
563 _aHB
650 _aPolicy and strategy
_9132152
650 _aPakistan and Afghanistan
_9132153
942 _2ddc
_cBK
999 _c615420
_d615420